LEADER 00763nam a2200193 4500 001 000000365741 003 CaOOAMICUS 005 20251212124521.0 008 251212s1873 it 000 u ita r 040 $aSeMil$bita 245 00$aNotizie storiche sulla vita di San Bartolomeo apostolo. 264 1$aIvrea :$bStabilimento Garda,$c1873. 300 $a30 p. ;$c20 cm 600 04$aBartolomeo .$0(OLS)http://semarc/subject/8638 850 $aSeMil 852 $aSeMil$W1$xVenegono$y1$m5C VIII 5/25$j265367$B256552$CSeMilBibl$Z2$F256552 $8I 996 $6245$aNotizie storiche sulla vita di San Bartolomeo apostolo$9(OLS)http://semarc/title/457378 996 $6264$aIvrea :$bStabilimento Garda$9(OLS)http://semarc/publisher/62783 LEADER 01380nam a2200265 i 4500 001 000000335772 003 CaOOAMICUS 005 20190802120033.0 008 190802s1828 fr u000 u fre u 013 $a221898 026 $as;un teet otes saOn (3) 1828 (A) 040 $aSeMil$bita 100 1 $aNicole, Pierre,$d<1625-1695>.$0(OLS)http://semarc/name/12404 245 10$aPensées de Nicole de Port-Royal, suivies de son Traité sur les moyens de conserver la paix avec les hommes; et précédées d'une notice sur sa vie et ses ouvrages, par J.-B.-J. Champagnac. 264 1$aParis :$bMénard et Desenne, rue Git-Le-Coeur, n. 8,$c1828. 300 $a[4], xvj, 303, [1] p. ;$c12° 490 1 $aBibliothèque française 500 $aSegn.: a6 b4 1-25/6 26/2 500 $aFregio xilogr. sul front. 830 0$aBibliothèque française.$0(OLS)http://semarc/title/36045 850 $aSeMil 852 $aSeMil$W1$xVenegono$y1$m3X I 155 FA$j215089$B227642$CSeMilBibl$Z2$F227642 $8I 996 $6245$aPensées de Nicole de Port-Royal, suivies de son Traité sur les moyens de conserver la paix avec les hommes; et précédées d'une notice sur sa vie et ses ouvrages, par J.-B.-J. Champagnac$9(OLS)http://semarc/title/425127 996 $6264$aParis :$bMénard et Desenne, rue Git-Le-Coeur, n. 8$9(OLS)http://semarc/publisher/58427 LEADER 01093nam a2200241 i 4500 001 000000025273 003 CaOOAMICUS 005 20240213145703.0 008 180830s1860 it u000 u ita u 040 $aSeMil$bita 100 0 $aCaterina : da Siena,$c.$0(OLS)http://semarc/name/5985 245 13$aLe lettere di S. Caterina da Siena :$bridotte a miglior lezione, e in ordine nuovo disposte /$ccon proemio e note di Niccolò Tommaseo. 260 $aFirenze :$bG. Barbèra,$c1860. 300 $a4 v. ;$c18 cm. 650 4$aCaterina : da Siena - Lettere e carteggi.$0(OLS)http://semarc/subject/2072 700 1 $aTommaseo, Niccolò,$d<1802-1874>.$0(OLS)http://semarc/name/454 774 0 $tVol. 1.$g1$w()76159 774 0 $tVol. 2.$g2$w()204958 774 0 $tVol. 3.$g3$w()204959 774 0 $tVol. 4.$g4$w()204960 996 $6245$aLe lettere di S. Caterina da Siena :$bridotte a miglior lezione, e in ordine nuovo disposte$9(OLS)http://semarc/title/17403 996 $6260$aFirenze :$bG. Barbèra$9(OLS)http://semarc/publisher/31283 LEADER 01077nam a2200229 i 4500 001 000000052130 003 CaOOAMICUS 005 20100729000000.0 008 100729s1917 it u000 u ita u 013 $a23302 040 $aSeMil$bita 100 1 $aCairoli, Luigi Pasquale.$0(OLS)http://semarc/name/25742 245 12$aI laici nel Codice di Diritto Canonico :$bcon richiami alla legislazione italiana /$cLuigi Pasquale Cairoli. 260 $aMilano :$bLa Stampa Commerciale,$c1917. 300 $a108 p. ;$c24 cm. 650 4$aLaicato - Diritto canonico.$0(OLS)http://semarc/subject/6631 650 4$aCodex iuris canonici <1917>.$0(OLS)http://semarc/subject/57797 650 4$aCodex iuris canonici <1917> - Laici.$0(OLS)http://semarc/subject/10759 850 $aSeMil 852 $aSeMil$W1$xVenegono$y1$m2H IV 159$j266567$B18285$CSeMilBibl$Z2$F18286 $81 996 $6245$aI laici nel Codice di Diritto Canonico :$bcon richiami alla legislazione italiana$9(OLS)http://semarc/title/79941 996 $6260$aMilano :$bLa Stampa Commerciale$9(OLS)http://semarc/publisher/37801